The economic of Mainland Tanzania into the 200s: Productivity, Human Capital, And other Leading Issues. (Record no. 2455)

MARC details
005 - DATE AND TIME OF LATEST TRANSACTION
control field 20250519144709.0
020 ## - INTERNATIONAL STANDARD BOOK NUMBER
International Standard Book Number 978-9976-60-5921
082 ## - DEWEY DECIMAL CLASSIFICATION NUMBER
Classification number LECT 338.096 ECO
245 ## - TITLE STATEMENT
Title The economic of Mainland Tanzania into the 200s: Productivity, Human Capital, And other Leading Issues.
260 ## - PUBLICATION, DISTRIBUTION, ETC.
Place of publication, distribution, etc. Dar es Salaam,
Name of publisher, distributor, etc. Dar es Salaam University Press,
Date of publication, distribution, etc. 2016.
300 ## - PHYSICAL DESCRIPTION
Extent ix, 198p.: ill.; charts, graph, figure, table.
Dimensions 24cm,
700 ## - ADDED ENTRY--PERSONAL NAME
Other authors/Editors RWEGASIRA, D. & MBELLE, A. & AIKAELI, J.
942 ## - ADDED ENTRY ELEMENTS (KOHA)
Source of classification or shelving scheme Dewey Decimal Classification
Koha item type Books
Holdings
Date last seen Total checkouts Full call number Barcode Cost, replacement price Price effective from Koha item type Lost status Source of classification or shelving scheme Damaged status Not for loan Withdrawn status Home library Current library Shelving location Date acquired Cost, normal purchase price
05/19/2025   LECT 338.096 ECO 0000009213 75000.00 05/19/2025 Books   Dewey Decimal Classification       College of Business Education Main Library College of Business Education Main Library General Collection 11/23/2016 25000.00